| 000 | 00773nam a2200241 a 4500 | ||
|---|---|---|---|
| 003 | AR-BaBNM | ||
| 005 | 20251128210727.0 | ||
| 008 | 082120s2002 ||||||||||||||000 | spa|| | ||
| 040 | _cAR-BaBNM | ||
| 110 | 1 |
_aArgentina _bMinisterio de Cultura y Educación _bPlan Social Educativo |
|
| 245 | 0 | 0 |
_aHacia un sistema integrado e integrador _n2 |
| 260 |
_aBuenos Aires _bMinisterio de Cultura y Educación de la Nación _c[1999] |
||
| 300 |
_a135 p. _btablas |
||
| 500 | _aContiene referencias bibliográficas y anexos | ||
| 650 | 4 | _aINTEGRACION ESCOLAR | |
| 650 | 4 | _aEDUCACION ESPECIAL | |
| 650 | 4 | _aESTIMULACION TEMPRANA | |
| 650 | 4 | _aPROGRAMAS DE EDUCACION | |
| 651 | 4 | _aArgentina | |
| 653 | _aNECESIDADES EDUCATIVAS ESPECIALES | ||
| 942 | _cBK | ||
| 998 | _cRaquel | ||
| 999 |
_c16629 _d16629 |
||